| 000 | 01564nam a2200409 a 4500 | ||
|---|---|---|---|
| 001 | ebr10671129 | ||
| 003 | CaPaEBR | ||
| 006 | m u | ||
| 007 | cr cn||||||||| | ||
| 008 | 100120s2010 nyuad sb 001 0 eng d | ||
| 010 | _z 2009054168 | ||
| 020 | _z9781608769056 (hc) | ||
| 020 | _z1608769054 | ||
| 020 | _z9781614703167 (e-book) | ||
| 040 |
_aCaPaEBR _cCaPaEBR |
||
| 035 | _a(OCoLC)777549334 | ||
| 050 | 1 | 4 |
_aTP156.E8 _bM635 2010eb |
| 082 | 0 | 4 |
_a660/.284248 _222 |
| 245 | 0 | 0 |
_aModification and preparation of membrane in supercritical carbon dioxide _h[electronic resource] / _cGuang-Ming Qiu ... [et al.]. |
| 260 |
_aNew York : _bNova Science Publishers, _cc2010. |
||
| 300 |
_aviii, 115 p. : _bill. |
||
| 490 | 1 | _aChemistry research and applications | |
| 490 | 1 | _aNovinka | |
| 504 | _aIncludes bibliographical references and index. | ||
| 533 |
_aElectronic reproduction. _bPalo Alto, Calif. : _cebrary, _d2013. _nAvailable via World Wide Web. _nAccess may be limited to ebrary affiliated libraries. |
||
| 650 | 0 | _aSupercritical fluid extraction. | |
| 650 | 0 | _aSupercritical fluids. | |
| 650 | 0 | _aLiquid carbon dioxide. | |
| 650 | 0 |
_aPolymers _xSolubility. |
|
| 650 | 0 | _aMembrane separation. | |
| 655 | 7 |
_aElectronic books. _2local |
|
| 700 | 1 |
_aQiu, Guang-Ming, _d1955- |
|
| 710 | 2 | _aebrary, Inc. | |
| 830 | 0 | _aChemistry research and applications series. | |
| 830 | 0 | _aNovinka (Series) | |
| 856 | 4 | 0 |
_uhttp://site.ebrary.com/lib/rucke/Doc?id=10671129 _zAn electronic book accessible through the World Wide Web; click to view |
| 999 |
_c162234 _d162234 |
||